golden boy winners - Statistieken

Algemene statistieken
  • Deze quiz is 11 keer genomen
  • De gemiddelde score is 11 van 22
Antwoordstatistieken
Hint Antwoord % Correct
2005 messi
100%
2024 yamal
89%
2018 de ligt
78%
2022 gavi
78%
2020 haaland
78%
2023 bellingham
67%
2017 mbappe
67%
2021 pedri
67%
2003 van der vaart
67%
2019 felix
44%
2015 martial
44%
2009 pato
44%
2013 pogba
44%
2004 rooney
44%
2007 aguero
33%
2008 anderson
33%
2012 isco
33%
2016 sanches
33%
2010 balotelli
22%
2006 fabregas
22%
2011 gotze
22%
2014 sterling
22%
Geen overeenkomende quizzen gevonden
Scoreverdeling
Procent van Mensen met Elke Score
Percentiel versus Aantal Correcte Antwoorden
Uw Scoregeschiedenis
U heeft deze quiz nog niet genomen